00000000nam 2200000za 4500
0019.848527
003CaOODSP
00520200401104032
007ta
008171208s2018    onc    #     f000 0 eng d
020 |a978-0-660-24183-8
040 |aCaOODSP|beng
043 |an-cn---
0861 |aIu4-225/2017E
24500|aInnovative Solutions Canada : |bchallenge meets opportunity.
260 |a[Ottawa] : |bGovernment of Canada, |c[2018]
300 |a[3] p. ; |c22 cm.
500 |aTitle from cover.
500 |aIssued also in French under title: Solutions innovatrices Canada : les défis deviennent possibilités.
500 |aIssued by: Innovation, Science and Economic Development Canada.
520 |a"Innovative Solutions Canada is a new program with over $100 million dedicated to supporting the scale up and growth of Canada’s innovators and entrepreneurs by having the federal government act as a first customer. Twenty participating federal departments and agencies will set aside a portion of funding to support the creation of innovative solutions by Canadian small businesses"--Provided by publisher.
69207|2gccst|aSmall businesses
69207|2gccst|aInnovation
69207|2gccst|aPublic funding
7101 |aCanada. |bInnovation, Science and Economic Development Canada.
77508|tSolutions innovatrices Canada : |w(CaOODSP)9.848530
7760#|tInnovative Solutions Canada |w(CaOODSP)9.848525